[Event "Africa-ch rapid"]
[Site "Accra"]
[Date "2024.03.10"]
[Round "4"]
[White "Mahamat, Hachim Bachar"]
[Black "Fomevor, Cephas Clinton"]
[Result "0-1"]
[WhiteElo "1843"]
[BlackElo "1887"]
[PlyCount "80"]
[EventDate "2024.03.07"]
[EventType "swiss (rapid)"]
[EventRounds "6"]
[EventCountry "GHA"]
[SourceTitle "CB15_2024"]
[SourceDate "2024.04.10"]
[SourceVersion "1"]
[SourceVersionDate "2024.04.10"]
[SourceQuality "1"]

1. e4 c6 2. d4 d5 3. Nd2 dxe4 4. Nxe4 Nd7 5. Nf3 Ngf6 6. Qe2 Nxe4 7. Qxe4 Nf6 8. Qd3 Bg4 9. Bg5 e6 10. Ne5 Bf5 11. Qb3 Qc7 12. 0-0-0 Bd6 13. f4 Nd5 14. c4 Nf6 15. Bd3 Ne4 16. g4 Bxe5 17. dxe5 Nxg5 18. gxf5 Nh3 19. Rhf1 g5 20. fxg6 hxg6 21. Rf3 g5 22. f5 0-0-0 23. fxe6 fxe6 24. Qc3 Nf4 25. Rd2 Kb8 26. a3 Qb6 27. Kb1 Qg1+ 28. Ka2 Rxh2 29. Rf1 Qg3 30. Rxh2 Qxh2 31. Be4 Qe2 32. Re1 Qf2 33. Qb4 Qb6 34. Qe7 a6 35. Qxg5 Nd3 36. Bxd3 Rxd3 37. Qg8+ Ka7 38. Qxe6 Qb3+ 39. Kb1 Rd2 40. Kc1 Qc2# 0-1

[Event "Olympiad-44"]
[Site "Chennai"]
[Date "2022.08.07"]
[Round "9.4"]
[White "Ismael, Mohamed Goumaneh"]
[Black "Fomevor, Cephas Clinton"]
[Result "0-1"]
[WhiteElo "1473"]
[BlackElo "1830"]
[PlyCount "86"]
[EventDate "2022.07.29"]
[EventType "team-swiss"]
[EventRounds "11"]
[EventCountry "IND"]
[SourceTitle "CBM 210"]
[Source "ChessBase"]
[SourceDate "2022.10.31"]
[SourceVersion "1"]
[SourceVersionDate "2022.10.31"]
[SourceQuality "1"]
[WhiteTeam "Djibouti"]
[BlackTeam "Ghana"]
[WhiteTeamCountry "DJI"]
[BlackTeamCountry "GHA"]

1. d4 d5 2. c4 e6 3. Nc3 Nf6 4. Nf3 Be7 5. Bf4 b6 6. e3 Bb7 7. Rc1 0-0 8. cxd5 Nxd5 9. Nxd5 Qxd5 10. Rxc7 Bb4+ 11. Nd2 Na6 12. Bxa6 Bxa6 13. f3 Qxa2 14. d5 Qxd5 15. e4 Qd4 16. Qb3 Rfd8 17. Rc2 Bd3 18. Rc3 Bxc3 19. bxc3 Qc5 20. Qb4 Qc6 21. Kf2 a5 22. Qb2 a4 23. Ra1 a3 24. Qb3 b5 25. Be3 Bc4 26. Nxc4 Qxc4 27. Qxc4 bxc4 28. Ra2 Rdb8 29. Bc1 Rb3 30. Ke2 Rxc3 31. Kd2 Rb3 32. Kc2 Kf8 33. Bd2 Ke8 34. Bc3 g6 35. g4 Rd8 36. f4 Rd3 37. Bf6 Rf3 38. Kd1 Rf1+ 39. Ke2 Rh1 40. Rd2 Rxh2+ 41. Kd1 Rxd2+ 42. Kxd2 a2 43. f5 c3+ 0-1

[Event "Olympiad-44"]
[Site "Chennai"]
[Date "2022.08.06"]
[Round "8.3"]
[White "Mdoe, Yusuf"]
[Black "Fomevor, Cephas Clinton"]
[Result "1-0"]
[WhiteElo "1722"]
[BlackElo "1830"]
[PlyCount "158"]
[EventDate "2022.07.29"]
[EventType "team-swiss"]
[EventRounds "11"]
[EventCountry "IND"]
[SourceTitle "CBM 210"]
[Source "ChessBase"]
[SourceDate "2022.10.31"]
[SourceVersion "1"]
[SourceVersionDate "2022.10.31"]
[SourceQuality "1"]
[WhiteTeam "Tanzania"]
[BlackTeam "Ghana"]
[WhiteTeamCountry "TAN"]
[BlackTeamCountry "GHA"]

1. c4 c6 2. g3 Nf6 3. Bg2 d5 4. cxd5 cxd5 5. d4 Nc6 6. Nc3 e6 7. Nf3 Bd6 8. 0-0 b6 9. Bg5 Bb7 10. e4 Be7 11. exd5 Nxd5 12. Nxd5 exd5 13. Bxe7 Nxe7 14. Re1 0-0 15. h4 Re8 16. Qd2 Rc8 17. Bh3 Rb8 18. Qg5 h6 19. Qd2 Bc8 20. Bg2 Qd6 21. Re5 Be6 22. Ne1 Nc6 23. Re3 Rec8 24. a3 Na5 25. b3 Rc7 26. Nd3 Nxb3 27. Qb2 Nxa1 28. Qxa1 Rbc8 29. Qb2 Rc3 30. a4 Qa3 31. Qb5 Rb3 32. Qa6 Rc7 33. Kh2 Kh7 34. Rxe6 fxe6 35. Nf4 Qd6 36. Qe2 Ra3 37. Nxe6 Re7 38. Qc2+ Kg8 39. Qc8+ Kf7 40. Qf8+ Kg6 41. h5+ Kh7 42. Qf5+ Kh8 43. Bxd5 Rxe6 44. Bxe6 Rxa4 45. Qb5 Qxe6 46. Qxa4 a5 47. Qb5 Qf6 48. Qe8+ Kh7 49. Qe4+ Kg8 50. f4 Kf7 51. d5 Qd6 52. g4 b5 53. Kh3 b4 54. g5 b3 55. g6+ Kf8 56. Qf5+ Ke8 57. Qf7+ Kd8 58. Qg8+ Kc7 59. Qxg7+ Qd7+ 60. Qxd7+ Kxd7 61. g7 b2 62. g8Q b1Q 63. Qe6+ Kd8 64. Qf6+ Kd7 65. Qe6+ Kd8 66. d6 Qh1+ 67. Kg4 Qg2+ 68. Kf5 Qh3+ 69. Kf6 Qh4+ 70. Kg6 Qg3+ 71. Kh7 Qh4 72. Qxh6 a4 73. Qg5+ Qxg5 74. fxg5 a3 75. g6 a2 76. g7 a1Q 77. g8Q+ Kd7 78. Qg7+ Qxg7+ 79. Kxg7 Kxd6 1-0

[Event "Olympiad-44"]
[Site "Chennai"]
[Date "2022.08.02"]
[Round "5.3"]
[White "Fomevor, Cephas Clinton"]
[Black "Tan, Jun Ying"]
[Result "0-1"]
[WhiteElo "1830"]
[BlackElo "2191"]
[PlyCount "86"]
[EventDate "2022.07.29"]
[EventType "team-swiss"]
[EventRounds "11"]
[EventCountry "IND"]
[SourceTitle "CBM 210"]
[Source "ChessBase"]
[SourceDate "2022.10.31"]
[SourceVersion "1"]
[SourceVersionDate "2022.10.31"]
[SourceQuality "1"]
[WhiteTeam "Ghana"]
[BlackTeam "Malaysia"]
[WhiteTeamCountry "GHA"]
[BlackTeamCountry "MAS"]

1. c4 c5 2. Nf3 Nf6 3. Nc3 b6 4. g3 Bb7 5. Bg2 e6 6. 0-0 Be7 7. d4 cxd4 8. Nxd4 Bxg2 9. Kxg2 Qc8 10. b3 0-0 11. Bb2 Qb7+ 12. f3 a6 13. e4 Nc6 14. Re1 d6 15. Rc1 Rfd8 16. Nxc6 Qxc6 17. Qe2 Qb7 18. Red1 Rab8 19. Rc2 b5 20. Rcd2 Rdc8 21. cxb5 axb5 22. h3 b4 23. Na4 e5 24. Ba1 Ra8 25. Qf2 Ra6 26. Rc2 Rxc2 27. Qxc2 Rc6 28. Qd3 Qc7 29. Rd2 Nh5 30. Kh2 Bg5 31. Rf2 h6 32. h4 Be7 33. Bb2 Qa7 34. Rc2 Kh7 35. Bc1 Rxc2+ 36. Qxc2 Nxg3 37. Kxg3 Qg1+ 38. Qg2 Qxc1 39. Qf2 Qh1 40. Kg4 Bxh4 41. Qxh4 Qg2+ 42. Qg3 h5+ 43. Kh4 g5+ 0-1

[Event "Olympiad-44"]
[Site "Chennai"]
[Date "2022.08.01"]
[Round "4.3"]
[White "Mendoza, Rodrigo"]
[Black "Fomevor, Cephas Clinton"]
[Result "1-0"]
[WhiteElo "2215"]
[BlackElo "1830"]
[PlyCount "49"]
[EventDate "2022.07.29"]
[EventType "team-swiss"]
[EventRounds "11"]
[EventCountry "IND"]
[SourceTitle "CBM 210"]
[Source "ChessBase"]
[SourceDate "2022.10.31"]
[SourceVersion "1"]
[SourceVersionDate "2022.10.31"]
[SourceQuality "1"]
[WhiteTeam "Bolivia"]
[BlackTeam "Ghana"]
[WhiteTeamCountry "BOL"]
[BlackTeamCountry "GHA"]

1. c4 c6 2. Nf3 Nf6 3. b3 d5 4. Bb2 Bf5 5. e3 e6 6. Nh4 Bg4 7. Qc2 Be7 8. h3 Bh5 9. g4 Ne4 10. Nf3 Bg6 11. d3 Nd6 12. Ne5 Bf6 13. Nd2 Nd7 14. Nxg6 hxg6 15. d4 e5 16. Bg2 e4 17. Rc1 Nf8 18. cxd5 cxd5 19. Qc5 Nc8 20. f3 exf3 21. Bxf3 Nb6 22. a4 Ne6 23. Qb5+ Kf8 24. a5 Nc7 25. Qc5+ 1-0

[Event "Tema op 7th"]
[Site "Tema"]
[Date "2022.01.08"]
[Round "4"]
[White "Adanu, Richard Kofi Mawuen"]
[Black "Fomevor, Cephas Clinton"]
[Result "0-1"]
[WhiteElo "1544"]
[BlackElo "1818"]
[PlyCount "66"]
[EventDate "2022.01.07"]
[EventType "swiss"]
[EventRounds "7"]
[EventCountry "GHA"]
[SourceTitle "EXT 2023"]
[Source "ChessBase"]
[SourceDate "2022.10.05"]
[SourceVersion "1"]
[SourceVersionDate "2022.10.05"]
[SourceQuality "1"]

1. d4 d5 2. c4 e6 3. Nc3 Nf6 4. cxd5 exd5 5. Bg5 Be7 6. e3 c6 7. Bd3 h6 8. Bh4 Qb6 9. Qc2 a5 10. Nge2 Na6 11. a3 Qd8 12. 0-0 Nc7 13. f3 Ne6 14. e4 dxe4 15. fxe4 Nxd4 16. Nxd4 Qxd4+ 17. Bf2 Qd8 18. Rad1 Ng4 19. Bc4 Qc7 20. Bxf7+ Kf8 21. Bg3 Qb6+ 22. Bf2 Nxf2 23. Rxf2 Bc5 24. Rdf1 Bxf2+ 25. Rxf2 Ke7 26. Na4 Qd4 27. Kf1 Rf8 28. Qb3 b5 29. Nc3 b4 30. Ne2 Ba6 31. Qe6+ Kd8 32. Ke1 Bxe2 33. Kxe2 Ra7 0-1

[Event "Tema op 7th"]
[Site "Tema"]
[Date "2022.01.07"]
[Round "1"]
[White "Fomevor, Cephas Clinton"]
[Black "Kokoti, Perez"]
[Result "1-0"]
[WhiteElo "1818"]
[BlackElo "1494"]
[PlyCount "43"]
[EventDate "2022.01.07"]
[EventType "swiss"]
[EventRounds "7"]
[EventCountry "GHA"]
[SourceTitle "EXT 2023"]
[Source "ChessBase"]
[SourceDate "2022.10.05"]
[SourceVersion "1"]
[SourceVersionDate "2022.10.05"]
[SourceQuality "1"]

1. c4 d5 2. cxd5 Qxd5 3. Nc3 Qd8 4. d4 Nf6 5. Nf3 e6 6. g3 b6 7. Bg2 Bb7 8. 0-0 Be7 9. b3 Nc6 10. Ne5 Nd5 11. Nxd5 exd5 12. Bf4 Nxe5 13. Bxe5 0-0 14. Rc1 Rc8 15. Bh3 f5 16. Qd3 Qd7 17. f3 c5 18. e4 dxe4 19. fxe4 Bd6 20. Bxf5 Rxf5 21. Rxf5 g6 22. Qc4+ 1-0

[Event "Online Olym Div4 D"]
[Site "Chess.com INT"]
[Date "2021.08.22"]
[Round "9.1"]
[White "Mirulla, David"]
[Black "Fomevor, Cephas Clinton"]
[Result "1-0"]
[WhiteElo "1956"]
[BlackElo "1750"]
[PlyCount "99"]
[EventDate "2021.08.20"]
[EventType "team (rapid)"]
[EventRounds "11"]
[EventCountry "USA"]
[SourceTitle "CBM 203 Extra"]
[Source "ChessBase"]
[SourceDate "2021.09.30"]
[SourceVersion "1"]
[SourceVersionDate "2021.09.30"]
[SourceQuality "1"]
[WhiteTeam "Kap Verde"]
[BlackTeam "Ghana"]
[WhiteTeamCountry "KAP"]
[BlackTeamCountry "GHA"]

1. e4 c6 2. d4 d5 3. exd5 cxd5 4. Bd3 Nc6 5. c3 Nf6 6. Bf4 Bg4 7. Qb3 Qb6 8. Nd2 e6 9. Ngf3 Be7 10. 0-0 0-0 11. Qxb6 axb6 12. a3 Bh5 13. Ne5 Nxe5 14. Bxe5 Nd7 15. Bg3 Rac8 16. f4 Bd6 17. Bh4 Rfe8 18. Rae1 f6 19. Bb5 Rc7 20. h3 Bg6 21. g4 h6 22. Kg2 Bf7 23. Bg3 g6 24. Re2 Re7 25. Rfe1 Kg7 26. Nf3 f5 27. gxf5 gxf5 28. Bh4 Re8 29. Ne5 Bxe5 30. fxe5 Rg8 31. Kh2 Nf8 32. Rg1+ Kh7 33. Rxg8 Bxg8 34. Rg2 Rc8 35. Bf6 Ng6 36. h4 Rc7 37. h5 Nf4 38. Rf2 Nxh5 39. Kh3 Nxf6 40. exf6 Kg6 41. Rg2+ Kh7 42. Be8 Rc8 43. Rg7+ Kh8 44. Bg6 Bf7 45. Bxf7 Rc7 46. Kh4 b5 47. Kh5 f4 48. Kxh6 Rxf7 49. Rxf7 f3 50. Rf8# 1-0